Prince Caspian : (Record no. 674)

MARC details
000 -LEADER
fixed length control field 01261cam a22003377a 4500
005 - DATE AND TIME OF LATEST TRANSACTION
control field 20230629104924.0
020 ## - INTERNATIONAL STANDARD BOOK NUMBER
International Standard Book Number 9780261670495
040 ## - CATALOGING SOURCE
Original cataloging agency DLC
Transcribing agency DLC
Language of cataloging eng
Modifying agency FISKH
050 00 - LIBRARY OF CONGRESS CALL NUMBER
Classification number PZ7.L58474
082 ## - DEWEY DECIMAL CLASSIFICATION NUMBER
Classification number 823.912
100 1# - MAIN ENTRY--PERSONAL NAME
Personal name Bright, J. E.
245 10 - TITLE STATEMENT
Title Prince Caspian :
Remainder of title the fight for the throne /
Statement of responsibility, etc. J.E. Bright.
250 ## - EDITION STATEMENT
Edition statement This edition published by Grafton 2002
260 ## - PUBLICATION, DISTRIBUTION, ETC.
Place of publication, distribution, etc. London :
Name of publisher, distributor, etc. HarperCollinsPublishers,
Date of publication, distribution, etc. 1951.
300 ## - PHYSICAL DESCRIPTION
Extent 190 pages, 1 unnumbered leaf :
Other physical details illustrations ;
Dimensions 20 cm.
490 0# - SERIES STATEMENT
Series statement The Chronicles of Narnia
500 ## - GENERAL NOTE
General note "Based on the new movie!"--Cover.
500 ## - GENERAL NOTE
General note "Based on the screenplay by Andrew Adamson & Christopher Markus & Stephen McFeely. Based on the book by C. S. Lewis. Directed by Andrew Adamson."
505 ## - FORMATTED CONTENTS NOTE
Formatted contents note Q
520 ## - SUMMARY, ETC.
Summary, etc. Four children help Prince Caspian and his army of Talking Beasts to free Narnia from evil.
521 ## - TARGET AUDIENCE NOTE
Target audience note 870 <br/>
Source Lexile
521 ## - TARGET AUDIENCE NOTE
Target audience note Q <br/>
Source Raz-Plus
700 1# - ADDED ENTRY--PERSONAL NAME
Personal name Adamson, Andrew.
700 1# - ADDED ENTRY--PERSONAL NAME
Personal name Markus, Christopher.
700 1# - ADDED ENTRY--PERSONAL NAME
Personal name McFeely, Stephen.
700 1# - ADDED ENTRY--PERSONAL NAME
Personal name Lewis, C. S.
Fuller form of name (Clive Staples),
Dates associated with a name 1898-1963.
Title of a work Prince Caspian.
906 ## - LOCAL DATA ELEMENT F, LDF (RLIN)
a 7
b cbc
c orignew
d 4
e epcn
f 20
g y-gencatlg
942 ## - ADDED ENTRY ELEMENTS (KOHA)
Source of classification or shelving scheme Dewey Decimal Classification
Koha item type Books
Suppress in OPAC No
999 ## -
-- 674
-- 674
Holdings
Withdrawn status Lost status Source of classification or shelving scheme Damaged status Not for loan Collection Home library Current library Shelving location Date acquired Total Checkouts Full call number Barcode Date last seen Price effective from Koha item type
    Dewey Decimal Classification     Juvenile Fiction Footprints International School Library Network Toul Kork Campus Footprints International School Library Network Toul Kork Campus A TK Campus, 4th Floor, Room B401, Fiction Bookcases (1-6) 06/29/2023   LEW Fic PZ7.L58474 FISTKG4A064 06/29/2023 06/29/2023 Books